Los grandes maestros del cine / (Record no. 193549)

MARC details
000 -LEADER
campo de control de longitud fija 02204nam a2200313 i 4500
001 - NÚMERO DE CONTROL
campo de control 193549
003 - IDENTIFICADOR DE NÚMERO DE CONTROL
campo de control ES-MaACL
005 - FECHA Y HORA DE LA ÚLTIMA TRANSACCIÓN
campo de control 20250814084558.0
008 - DATOS DE LONGITUD FIJA--INFORMACIÓN GENERAL
campo de control de longitud fija 240131s2023 sp ||||| |||| 00| 0 spa d
020 ## - NÚMERO INTERNACIONAL ESTÁNDAR DEL LIBRO
Número Internacional Estándar del Libro 9788411313629
040 ## - FUENTE DE CATALOGACIÓN
Centro catalogador/agencia de origen ES-MaACL
Centro/agencia transcriptor ES-MaACL
100 0# - ENTRADA PRINCIPAL--NOMBRE DE PERSONA
9 (RLIN) 39365
Nombre de persona Cobos, Juan
Término indicativo de función/relación Autor
245 14 - MENCIÓN DEL TÍTULO
Título Los grandes maestros del cine /
Mención de responsabilidad, etc. Juan Cobos ; David Cobos (Ed.)
250 ## - MENCION DE EDICION
Mención de edición Primera edición: noviembre de 2023
260 ## - PUBLICACIÓN, DISTRIBUCIÓN, ETC.
Lugar de publicación, distribución, etc. [Córdoba] :
Nombre del editor, distribuidor, etc. Almuzara,
Fecha de publicación, distribución, etc. 2023.
300 ## - DESCRIPCIÓN FÍSICA
Extensión 301 páginas ;
Dimensiones 24 cm
490 1# - MENCIÓN DE SERIE
Mención de serie Chaplin Berenice
520 ## - RESUMEN, ETC.
Sumario, etc. El cine, afirma Juan Cobos, es el arte de nuestro tiempo. Ha crecido junto a nosotros, lo que acrecienta su enorme influjo. Por eso hoy, ya en el siglo XXI, nadie cuestiona lo que los grandes maestros del cine han aportado a nuestro imaginario; nadie rebate que las películas que filmaron han contribuido de manera decisiva a ensanchar el acervo cultural de las sociedades modernas. En sus muchos años de brillante ejercicio profesional, Juan Cobos tuvo la ocasión de compartir con esos maestros conversaciones que son en la actualidad un tesoro de inapreciable valor para los historiadores, así como para las nuevas generaciones de cinéfilos. Se aprende cine viendo cine, sin la menor duda, pero también escuchando y leyendo a esos grandes narradores que fueron capaces de sentar las bases del arte cinematográfico, de dotarlo de rasgos que lo han convertido en un medio fascinante y privilegiado para plasmar las inquietudes y anhelos más profundos del ser humano. En este libro se dan cita muchos de esos grandes maestros, y de las más diversas latitudes y tendencias.
650 #7 - PUNTO DE ACCESO ADICIONAL DE MATERIA--TÉRMINO DE MATERIA
Término de materia o nombre geográfico como elemento de entrada Cine
Fuente del encabezamiento o término embne
9 (RLIN) 11010
700 ## - ENTRADA AGREGADA--NOMBRE PERSONAL
Nombre de persona Cobos, David
9 (RLIN) 234990
Término indicativo de función/relación Editor literario
830 ## - PUNTO DE ACCESO ADICIONAL DE SERIE-TÍTULO UNIFORME
Título uniforme Chaplin Berenice
9 (RLIN) 234991
852 ## - LOCALIZACIÓN
Ubicación Es-MaACL
Sublocalización o colección R.154887
Ubicación en estantería Depósito J
Número de control de estantería N-9641
Donativo/Legado Donación: Editorial
Encuadernación Encuadernación rústica con solapas
itemnumber 201141
942 ## - ELEMENTOS DE ENTRADA SECUNDARIOS (KOHA)
Suprimir en OPAC No
Tipo de ítem Koha Libro impreso
Holdings
Estatus retirado Estado de pérdida Fuente del sistema de clasificación o colocación Estado de daño No para préstamo Biblioteca de origen Biblioteca actual Ubicación en estantería Fecha de adquisición Fuente de adquisición Total de préstamos Signatura topográfica completa Código de barras Visto por última vez Precio de reemplazo Tipo de ítem Koha
    Clasificación decimal universal     Biblioteca del Ateneo de Madrid Biblioteca del Ateneo de Madrid Depósito J 31/01/2024 Donación   N-9641 101206538 31/01/2024 31/01/2024 Libro impreso